000
00252nam a22001217a 4500
008
180222b xxu||||| |||| 00| 0 eng d
041
_a
eng
080
_a
33
100
_a
52
101
_a
EKO
245
_a
Walras' ECONOMICS
_c
Walras
942
_2
udc
_c
BK
999
_c
43174
_d
43174